000 00357nam a2200133Ia 4500
008 220204s9999 xx 000 0 und d
082 _a577.2
_bLIK
100 _aLIKHTENSHTEIN, G I
245 0 _aSpin labelling methods in molecular biology
260 _aNew York
_bJohn Wiley
_c1976
650 _aMolecular biology
650 _aSpin labelling
942 _cBK
999 _c25775
_d25775